Accounting for leases: a new approach: recognition by lessees of assets and libilities arising under lease contracts
Gespeichert in:
| 1. Verfasser: | |
|---|---|
| Format: | Buch |
| Sprache: | Englisch |
| Veröffentlicht: |
Sydney
Financial Accounting Standards Board
1996
|
| Schlagworte: | |
| Tags: |
Tag hinzufügen
Keine Tags, Fügen Sie den ersten Tag hinzu!
|
MARC
| LEADER | 00000nam a2200000 a 4500 | ||
|---|---|---|---|
| 001 | UCU9552 | ||
| 003 | CL-VaPUC | ||
| 008 | 960823e19960000AT |||||||||||||||||eng|d | ||
| 082 | 0 | 4 | |a 346.047 |b MCG |2 21 |
| 100 | |a McGregor, Warren |e autor |9 368758 | ||
| 245 | 1 | 0 | |a Accounting for leases: a new approach: recognition by lessees of assets and libilities arising under lease contracts |
| 300 | |a 34 p | ||
| 942 | |c BK | ||
| 945 | |d 19960823 00:00:00 |a nastorga | ||
| 260 | |a Sydney |b Financial Accounting Standards Board |c 1996 | ||
| 650 | 0 | |a Arrendamiento |9 257654 | |
| 650 | 0 | |a Contratos |9 255153 | |
| 650 | 0 | |a Acuerdos |9 367387 | |
| 650 | 0 | |a Derecho y legislación |9 255077 | |
| 650 | 7 | |a LEASING |2 CL-VaPUC |9 257941 | |
| 583 | |a last modification |c 19960823 00:00:00 |k Rodrigo Vera | ||
| 999 | |c 251269 |d 251267 | ||
| 952 | |0 0 |1 0 |4 0 |6 346_047000000000000_MCG_1996 |7 0 |8 P |9 270318 |a BIBGIM |b BIBGIM |d 2019-11-19 |i 322130K |o 346.047 MCG 1996 |p 322130K |r 2025-01-15 |w 2019-11-19 |y BK |k COM | ||